000 00475nam a2200169Ia 4500
005 20250612164758.0
008 008 250505s9999 xx 000 0 eng d
020 _a9789393850683
040 _beng
_cILCL
041 _aeng
_2eng
084 _aZ,8:(V2) R3
100 _aBeard, Charles A
245 4 _aThe Supreme Court and the Constitution
260 _aDelhi
_bLaw and Justice Publishing Company
_c2023
300 _avii,127p.
942 _cTB
_2Colon Classification
999 _c1311871
_d1311871